000 00792nam a2200265Ia 4500
003 OSt
005 20220928131100.0
006 a|||||r|||| 00| 0
007 ta
008 220927b |||||||| |||| 00| 0 eng d
020 _cUKP 76.00
024 _a139338
037 _b038, 30/01/2019, Kiran Book Service
_cTextual
040 _aSDCL
_cSDCL
_beng
041 _2eng
_aeng
082 _aS0aX, Q8
100 _aLewis Alan Ed.
_9477039
245 0 _aCambridge handbook of psychology and economic behaviour
250 _a2nd
260 _aCambridge
_bCambridge university press
_c2018
300 _axxiii,774p.
_ccm.
650 _aApplied Psychology
942 _hS0aX, Q8
_cTEXL
_2CC
999 _c789495
_d789495